No se puede hacer la revolución sin nosotras /

Guardat en:
Dades bibliogràfiques
Autor principal: Randall, Margaret, 1936-
Format: Desconegut
Idioma:Spanish
Publicat: Cuba : Casa de las Américas, c1978.
Col·lecció:(Serie Testimonio Colección Nuestro Países)
Matèries:
Etiquetes: Afegir etiqueta
Sense etiquetes, Sigues el primer a etiquetar aquest registre!

MARC

LEADER 000000000a22000000004500
001 002725
041 0 |a spa 
082 0 4 |a 305.4   |b R189n 
100 1 |a Randall, Margaret,   |d 1936- 
245 1 0 |a No se puede hacer la revolución sin nosotras /   |c Margaret Randall. 
260 1 |a Cuba :   |b Casa de las Américas,   |c c1978. 
300 |a 158 páginas 
490 1 |a (Serie Testimonio Colección Nuestro Países) 
650 4 |a NOVELA TESTIMONIAL 
650 4 |a MUJERES 
650 4 |a AMERICA LATINA 
650 4 |a MUJER RURAL 
650 4 |a MUJERES EN AMERICA LATINA 
650 4 |a DISCRIMINACION SEXUAL 
650 4 |a DERECHO DE LAS MUJERES 
999 |c 9084  |d 9084 
942 |c BK  |h 305.4 R189n  |2 z